| 000 | 00471nam a2200121Ia 4500 | ||
|---|---|---|---|
| 008 | 170221s9999 xx 000 0 und d | ||
| 100 | _aChristopher R. Dyess | ||
| 245 | _aCredit Rating Agency Review Board: The Challenges and Implications of Implementing the Franken-Wicker Amendment to Dodd-Frank | ||
| 245 | _cChristopher R. Dyess | ||
| 260 | _c2014 | ||
| 650 | _xBusiness | ||
| 856 | _uhttp://digitalcommons.pepperdine.edu/cgi/viewcontent.cgi?article=1120&context=jbel | ||
| 999 |
_c309420 _d309420 |
||